000 00245nam a2200097Ia 4500
008 190216s9999||||xx |||||||||||||| ||und||
100 _aVenugopal K & Abdul Assis K
245 0 _aTextile Vyavasayam
260 _bKerala Basha Inst
942 _cBK
999 _c37779
_d37779